000 00834nam a2200253Ia 4500
003 OSt
005 20220923211845.0
006 a|||||r|||| 00| 0
007 ta
008 220922b |||||||| |||| 00| 0 hin d
024 _a60,027
037 _cTextual
040 _aARTS
_cARTS
_bhin
041 _2hin
_ahin
082 _aQ21:222, 152M2
100 _aजोशी, सतीशचन्द्र, संपा.
_9161627
245 0 _aमार्कण्डेय पुराण
246 _aMārkaṇḍeya purāṇa
260 _aदिल्ली
_b धर्मग्रन्थ प्रकाशन
_c1982
300 _a143पृ.
_ccm.
650 _aधर्म
942 _hQ21:222, 152M2
_cTEXL
_2CC
999 _c304152
_d304152